[Event "SVK-ch U10"]
[Site "Liptovsky Mikulas"]
[Date "2017.04.23"]
[Round "3"]
[White "Tomka, Samuel"]
[Black "Visvader, Kristof"]
[Result "0-1"]
[WhiteElo "1035"]
[BlackElo "1302"]
[PlyCount "132"]
[EventDate "2017.04.22"]
[EventType "swiss"]
[EventRounds "9"]
[EventCountry "SVK"]
[SourceTitle "CBM 178 Extra"]
[Source "ChessBase"]
[SourceDate "2017.06.22"]
[SourceVersion "1"]
[SourceVersionDate "2017.06.22"]
[SourceQuality "1"]

1. e4 e5 2. Nf3 Nc6 3. Nc3 Nf6 4. Bb5 Bb4 5. Bxc6 bxc6 6. d3 d6 7. Bd2 Bg4 8. Qe2 0-0 9. 0-0-0 Qc8 10. h3 Bd7 11. g4 Rb8 12. Na4 Qb7 13. b3 c5 14. Nb2 Ba3 15. Kb1 Bxb2 16. Kxb2 Ra8 17. c4 a5 18. Kc1 a4 19. Bg5 Ne8 20. Be7 axb3 21. axb3 Ra1+ 22. Kd2 Ra2+ 23. Ke1 Rxe2+ 24. Kxe2 Qxb3 25. Bxf8 Kxf8 26. Rb1 Qc2+ 27. Nd2 Ke7 28. Rhc1 Qa4 29. Ra1 Qc6 30. Nb3 Bc8 31. Na5 Qd7 32. Nb3 Qe6 33. Nd2 Qf6 34. Rf1 Qf4 35. f3 g5 36. Rab1 Qg3 37. Rg1 Qf4 38. Ke1 Qe3+ 39. Kd1 Qxd3 40. Rb3 Qd4 41. Kc1 Qa1+ 42. Rb1 Qa3+ 43. Rb2 Ba6 44. Kc2 Qa4+ 45. Rb3 Bxc4 46. Nxc4 Qxc4+ 47. Rc3 Qe2+ 48. Kb3 Qg2 49. Ra1 Qxh3 50. Rd1 h5 51. Rg1 Qh2 52. Rcc1 h4 53. Rh1 Qf4 54. Rcf1 Qe3+ 55. Kb2 Qd2+ 56. Kb1 c4 57. Rd1 Qb4+ 58. Kc1 c3 59. Rh2 Qa3+ 60. Kc2 Qb2+ 61. Kd3 Qxh2 62. Kxc3 Qg2 63. Rd3 h3 64. Rd2 Qxd2+ 65. Kxd2 h2 66. Kc3 h1Q 0-1

[Event "SVK-ch U10"]
[Site "Liptovsky Mikulas"]
[Date "2017.04.22"]
[Round "1"]
[White "Tomka, Samuel"]
[Black "Janik, Marek Tobias"]
[Result "0-1"]
[WhiteElo "1035"]
[BlackElo "1571"]
[PlyCount "88"]
[EventDate "2017.04.22"]
[EventType "swiss"]
[EventRounds "9"]
[EventCountry "SVK"]
[SourceTitle "CBM 178 Extra"]
[Source "ChessBase"]
[SourceDate "2017.06.22"]
[SourceVersion "1"]
[SourceVersionDate "2017.06.22"]
[SourceQuality "1"]

1. e4 c5 2. Nc3 e6 3. Nf3 Nc6 4. d3 Qc7 5. Be2 Nf6 6. Bg5 Be7 7. 0-0 0-0 8. Nb5 Qb8 9. Qd2 a6 10. Bf4 e5 11. Bxe5 Nxe5 12. Nxe5 Qxe5 13. Nc3 d5 14. exd5 Nxd5 15. Nxd5 Qxd5 16. c4 Qd4 17. Rab1 Be6 18. Qc2 Rad8 19. Rfe1 Bh4 20. Rf1 Bf5 21. Rbd1 Rfe8 22. b3 Rxe2 23. Qxe2 Bg4 24. Qe1 Bxd1 25. Qxd1 Qxd3 26. Qxd3 Rxd3 27. g3 Bf6 28. Re1 Kf8 29. h4 Bd4 30. Re2 b5 31. cxb5 axb5 32. Kg2 c4 33. a4 cxb3 34. axb5 b2 35. Re1 Rb3 36. Rb1 Rxb5 37. f4 Rc5 38. Rd1 Rc1 39. Rxc1 bxc1Q 40. Kf3 Qe3+ 41. Kg4 h5+ 42. Kxh5 Qxg3 43. f5 g6+ 44. fxg6 Qxg6# 0-1